Регионална библиотека "Любен Каравелов" - Русе

Санитарна микробиология : (Запис номер 182309)

MARC детайли
000 -Лидер
Контролно поле с фиксирана дължина 01780nam a2200349 c 4500
003 - Код на организацията, давaща контролен номер
Контролно поле BLK
005 - Дата и час на последна редакция
Контролно поле 20180421000130.0
008 - Елементи от данни с фиксирана дължина
fixed length control field 180411b bul|||||r ||||||| ||bul||
010 ## - Наследен системен номер
LC control number KNG00191232000
040 ## - Източник на каталожния запис
Идентификатор на билиотеката - собственик на записа BLK
041 ## - Код за език
Код за езика на текст/звукозапис или на отделно заглавие Български
Код за езика КДБФ Български
080 ## - УДК
Текстов определител УДК Санитарна микробиология. Комунална микробиология. Подразделя се с отношение (Табл. Іb) към деленията на 614 и 628
УДК код - определител по УДК 579.63
УДК определител
УДК - код + определител 579.63
100 1# - Редна дума - Автор
Автор Данон-Моше, Софи
Авторска отговорност първи автор
R(LIN) 58634
139 ## - Редно поле
Редна дума Данон-Моше, Софи и др.
Авторски знак Дано - Д 19
245 10 - Сведения за заглавието
Заглавие Санитарна микробиология :
Подзаглавни данни Методи за изследване
Редно поле (дума) Софи Данон-Моше; съавт. Мария Николова Козарева; съавт. Кремена Димитрова Папаркова; под ред. на Софи Данон-Моше.
257 ## - Страна на издаване
Страна на създаване/издаване България
260 ## - Област на издателските данни
-- София
Име на издателя, разпространителя и проч. Медицина и физкултура
Година на издаване 1985
Печатница Пловдив : Д. Благоев
300 ## - Физическа характеристика
Страници 195 с.
Илюстрации и др. с табл., сх., диагр.
Размери/Мащаб 22 см
380 ## - Жанр
Жанр Естествени науки. Математика
500 ## - Общи забележки
Забележка Авт. са отбелязани на с. 3.- Библиогр. с. 191
650 #4 - Допълнително описание по предмет – тема
Основно описание – тема или топоним Микробиология
9 (RLIN) 162153
653 ## - Ключова дума – ненормативна
Ключова дума микробиология
653 ## - Ключова дума – ненормативна
Ключова дума методи за изследване
700 1# - Други автори (авторска отговорност)
Лично име Козарева, Мария Николова
Автороска отговорност (Описва отношението между автора и произведението) съавт.
9 (RLIN) 342892
700 1# - Други автори (авторска отговорност)
Лично име Папаркова, Кремена Димитрова
Автороска отговорност (Описва отношението между автора и произведението) съавт.
9 (RLIN) 106638
700 1# - Други автори (авторска отговорност)
Лично име Данон-Моше, Софи
Автороска отговорност (Описва отношението между автора и произведението) под ред. на
9 (RLIN) 58634
852 ## - Местоположение
Форматна сигнатура Цб 139303
856 4# - Електронен адрес и достъп
Електронен формат pdf - файл
Път до файла /url/
856 4# - Електронен адрес и достъп
Електронен формат pdf - файл
Път до файла /url/
942 ## - АРТИКУЛИ
Вид на библиотечния материал Книги
Скрит в OPAC Не
944 ## - СЪЗДАВАНЕ И РЕДАКЦИЯ на ЗАПИСА
Създаване/Редакция Създаване
Дата на регистрацията/редакция 30.09.2016
Служител, извършил регистрацията/редакцията Христина_Везирева
944 ## - СЪЗДАВАНЕ И РЕДАКЦИЯ на ЗАПИСА
Създаване/Редакция Редакция
Дата на регистрацията/редакция 30.09.2016
Служител, извършил регистрацията/редакцията Христина_Везирева
999 ## - СИСТЕМНИ КОНТРОЛНИ НОМЕРА
Koha biblionumber 182309
Koha biblioitemnumber 182309
Наличности
Код за отписване Код за изгубен артикул Източник на класификационната схема Код за повреда Коз за рестрикции Код за отдаване Артикулен № Име на библиотеката - собственик Име на библиотеката, в която се намира в момента Статус (Текущо местоположение) Дата на вписване в системата Местоположение - отдел Цена в лева Инвентарен номер Систематично азбучна сигнатура Баркод Номер на екземпляра Цена в евро Служебна бележка Служебен тип на артикула
  Не е изгубен Universal Decimal Classification Не е повреден без рестрикции ползва се в читалня 312874 Регионална библиотека "Любен Каравелов" Русе Регионална библиотека "Любен Каравелов" Русе Хранилище 1985-01-01 Хранилище 2.60 441460 Цб 139303 120000441460 1 1.33 Вид: Сф N: стар фонд Дата: 01.01.1985 Книги
Изтеглен Не е изгубен Universal Decimal Classification Не е повреден без рестрикции заемане за дома 312875 Регионална библиотека "Любен Каравелов" Русе Регионална библиотека "Любен Каравелов" Русе Заемна - подръчен фонд 1985-01-01 Заемна - подръчен фонд 2.60 440101 П 579/Д 19 440101 2 1.33 Вид: Сф N: стар фонд Дата: 01.01.1985 Дата инв: 02.02.2018 Бележки инв: П2018 Книги
Изтеглен Не е изгубен Universal Decimal Classification Не е повреден без рестрикции заемане за дома 312876 Регионална библиотека "Любен Каравелов" Русе Регионална библиотека "Любен Каравелов" Русе Заемна - подръчен фонд 1985-01-01 Заемна - подръчен фонд 2.60 440102 П 579/Д 19 440102 3 1.33 Вид: Сф N: стар фонд Дата: 01.01.1985 Книги
Vip Innovations Ltd, Rousse, Bulgaria 2025